Statistics for Островни държави

Click here to take the quiz!

General Stats

  • This quiz has been taken 105 times
  • The average score is 26 of 47

Answer Stats

Country% Correct
Куба
92%
Мадагаскар
87%
Япония
87%
Нова Зеландия
83%
Исландия
79%
Индонезия
79%
Великобритания
79%
Ямайка
75%
Малта
74%
Сейшели
74%
Шри Ланка
74%
Малдиви
74%
Ирландия
74%
Филипини
72%
Кипър
66%
Хаити
64%
Барбадос
62%
Тонга
60%
Кирибати
60%
Бахами
57%
Мавриций
55%
Доминика
55%
Комори
55%
Антигуа и Барбуда
53%
Кабо Верде
51%
Науру
51%
Папуа Нова Гвинея
51%
Тайван
49%
Сейнт Китс и Невис
49%
Фиджи
49%
Тувалу
45%
Микронезия
45%
Тринидад и Тобаго
45%
Вануату
43%
Гренада
43%
Доминиканска република
43%
Маршали
42%
Самоа
42%
Сейнт Лусия
40%
Соломонови острови
40%
Сао Томе и Принсипи
38%
Палау
36%
Бруней
32%
Сингапур
32%
Бахрейн
32%
Източен Тимор
28%
Сейнт Винсънт и Гренадини
28%

Score Distribution

Percentile by Number Answered

Percent of People with Each Score

Your Score History

You have not taken this quiz